• 首页
  • 本馆介绍
  • 公告通知
  • 最新文献
  • 馆藏检索
  • 电子资源
  • 读者导购
  • 参考咨询
  • 我的图书馆
  • 登录
  • 详细信息显示
  • 放入我的书架
  • 预约/预借图书
  • 作者相关作品
  • 分类相关作品
  • 丛书相关作品
  • 出版社相关作品

书目信息

  • 表格格式
  • 工作单格式
  • 卡片格式
题名:
辐射生物学
    
 
作者: 朱壬葆 , 刘永 , 罗祖玉 主编
分册:  
出版信息: 北京   科学出版社  1987
页数: 728页
开本: 19cm
丛书名:
单 册:
中图分类: Q691
科图分类:
主题词: 放射生物学
电子资源:
ISBN:
000 00697nam0 2200253 45
001 0187010564
005 20060110151942.14
010    @dCNY5.45
091    @a13031.3588
100    @a19900912d1987 em y0chiy0121 ea
101 0  @achi
102    @aCN@b110000
105    @ay z 000yy
200 10 @a辐射生物学@Afu she sheng wu xue@f朱壬葆等主编@Fzhu ren bao deng zhu bian
210    @a北京@c科学出版社@d1987
215    @a728页@d19cm
606    @a放射生物学
690    @aQ691@v3
701  0 @a朱壬葆@Azhu ren bao@4主编
701  0 @a刘永@Aliu yong@4主编
701  0 @a罗祖玉@Aluo zu yu@4主编
801  2 @aCN@bNLC@c20060110
801  0 @aCN@b深圳图书馆@c20040630
905    @f1@b201339@dQ691@e10
    
    辐射生物学/朱壬葆等主编.-北京:科学出版社,1987
    728页;19cm
    
    
    ISBN :CNY5.45
    
●
相关链接 在E读中查询图书 在五车中查询图书 在当当中查询图书 在豆瓣中查询图书


正题名:辐射生物学     索取号:Q691/10         预约/预借

序号 登录号 条形码 馆藏地/架位号 状态 备注
1 0201338   202170587   密集书库/ [索取号:Q691/10] 在馆    
2 0201339   001938773   第三借阅区/ [索取号:Q691/10] 在馆    
3 0201340   202100341   第二样本阅览室/ [索取号:Q691/10] 在馆    
唐山师范学院图书馆 欢迎您!
大连网信软件有限公司© 版权所有